000 00636nam a2200205 i 4500
001 23392
003 ES-MaACL
005 20250724094349.0
007 t|
008 021210s1913 xxk ||||1| eng d
100 1 _aAllen, Fawcett.
_919987
245 1 3 _aAn atlas of commercial geography /
_ccompiled by Fawcett Allen ; with an introduction D. A. Jones.
260 _aCambridge :
_bUniversity Press,
_c1913.
300 _aX, 48 map., 24 p. ;
_c28 cm.
650 4 _aGeografĂ­a comercial-
_vAtlas.
_9158273
650 7 _aAtlas
_2embne
_910407
700 1 _aJones, D. A.
_966832
852 _aES-MaACL
_jB-1750
999 _c23392
_d23392